| 000 | 01395nam a22003497a 4500 | ||
|---|---|---|---|
| 999 |
_c942 _d942 |
||
| 003 | AR-BeUNQ | ||
| 005 | 20231004174555.0 | ||
| 008 | 230824s2023 ag a|||| |||| 00| 0 spa d | ||
| 020 | _a9789871696369 | ||
| 040 |
_aAR-BeUNQ _bspa _eaacr |
||
| 041 | _hspa | ||
| 044 | _aag | ||
| 082 |
_a321.8 _221 |
||
| 100 | 1 |
_94328 _aRepiso, Jorge, _d1964- |
|
| 245 | 1 | 0 |
_aPostales : _b 40 años de Democracia / _cJorge Repiso, Rep |
| 250 | _a1a ed, | ||
| 260 |
_aCiudad Autónoma de Buenos Aires : _bComisión Nacional de Bibliotecas Populares, _c2023. |
||
| 300 |
_a[16] p. : _bil.col. ; _c15 x 21 cm. |
||
| 490 | 1 | _aColección 40 años de democracia (CONABIP) | |
| 530 | _aTambién disponible en línea (pdf). | ||
| 650 |
_aDemocracia _2spines |
||
| 650 |
_aDerechos Humanos _2spines |
||
| 650 |
_aHistoria argentina _2tha |
||
| 700 | 0 |
_4il _94326 _aRep, _d1961- _eil. |
|
| 830 |
_94377 _aColección 40 años de democracia (CONABIP) |
||
| 856 | _uhttps://www.conabip.gob.ar/sites/default/files/Libro%201_HIST_%20REP.pdf | ||
| 929 |
_aDONACION _bLuciana Noguez Sörensen _d500,00 _e20230717 _fPAT0080168 _h1 _j61444 |
||
| 929 |
_aDONACION _bLuciana Noguez Sörensen _d500,00 _e20230717 _fPAT0080169 _j61445 _h2 |
||
| 929 |
_aDONACION _bLuciana Noguez Sörensen _d500,00 _e20230717 _fPAT0080170 _j61446 _h3 |
||
| 929 |
_aDONACION _bLuciana Noguez Sörensen _d500,00 _e20230717 _fPAT0080171 _j61447 _h4 |
||
| 942 |
_cLIB _n0 |
||